Making friends, bk. 3 : (Record no. 110827)
[ view plain ]
| 000 -LEADER | |
|---|---|
| fixed length control field | 00293nam a2200121 a 4500 |
| 001 - CONTROL NUMBER | |
| control field | 4143 |
| 005 - DATE AND TIME OF LATEST TRANSACTION | |
| control field | 20140414131904.0 |
| 008 - FIXED-LENGTH DATA ELEMENTS--GENERAL INFORMATION | |
| fixed length control field | 090223s19uu xx 00 eng d |
| 050 ## - LIBRARY OF CONGRESS CALL NUMBER | |
| Classification number | FIC |
| Item number | An1 1997 |
| 100 ## - MAIN ENTRY--PERSONAL NAME | |
| Personal name | Andrews, Kate |
| 245 ## - TITLE STATEMENT | |
| Title | Making friends, bk. 3 : |
| Remainder of title | Grow up, Amy. |
| Withdrawn status | Lost status | Damaged status | Home library | Current library | Shelving location | Date acquired | Total Checkouts | Full call number | Barcode | Date last seen | Price effective from | Koha item type |
|---|---|---|---|---|---|---|---|---|---|---|---|---|
| Munich Library | Munich Library | Fiction Section | 02/23/2009 | FIC An1 1997 | M1330 | 04/14/2014 | 04/14/2014 | Books |